| 000 | 01210nam a22002537a 4500 | ||
|---|---|---|---|
| 005 | 20260304103041.0 | ||
| 008 | 240815b ||||| |||| 00| 0 eng d | ||
| 082 | _aDPer 155.205 J826 April-June 2020 v. 118 n. 4-6 | ||
| 100 |
_aJasko, Katarzyna. _eauthor. _957839 |
||
| 245 |
_aSocial context moderates the effects of quest for significance on violent extremism / _cKatarzyna Jasko, David Webber, Muh Taufiqurrohman, Rohan Gunaratna, Arie W. Kruglanski, Michele Gelfand, and Malkanthi Hettiarachchi. |
||
| 260 |
_aWashington ; _bAmerican Psychological Association , _cJune 2020. |
||
| 300 |
_aVolume 118, pages 1165-1187 : _billustration ; _c28 cm. |
||
| 500 | _aJournal of Personality and Social Psychology, vol. 118, no. 6, pages 1165-1187, June 2020. | ||
| 650 |
_aSocial psychology. _960309 |
||
| 650 |
_aPoltics. _960310 |
||
| 700 |
_aJasko, Katarzyna. _eauthor. _957839 |
||
| 700 |
_aWebber, David. _eauthor. _957840 |
||
| 700 |
_aKruglanski, Arie W. _eauthor. _957843 |
||
| 700 |
_aGelfand, Michele. _eauthor. _957844 |
||
| 700 |
_aTaufiqurrohman, Muh. _eauthor. _957841 |
||
| 700 |
_aHettiarachchi, Malkanthi. _eauthor. _957845 |
||
| 700 |
_aGunaratna, Rohan. _eauthor. _957842 |
||
| 942 |
_2ddc _cPER |
||
| 999 |
_c20482 _d20482 |
||